• 首页
  • 本馆介绍
  • 公告通知
  • 最新文献
  • 馆藏检索
  • 电子资源
  • 读者导购
  • 参考咨询
  • 我的图书馆
  • 登录
  • 详细信息显示
  • 放入我的书架
  • 预约/预借图书
  • 作者相关作品
  • 分类相关作品
  • 丛书相关作品
  • 出版社相关作品

书目信息

  • 表格格式
  • 工作单格式
  • 卡片格式
题名:
阅读生命
    
 
作者: 杨建葆 著
分册:  
出版信息: 广州   南方日报出版社  2001
页数: 409页
开本: 21cm
丛书名:
单 册:
中图分类: B834.3 , R32
科图分类:
主题词: 人体美 , 人体学
电子资源:
ISBN: 7-80652-065-1
000 00738nam0 2200241 450
001 1232730921
005 20121024090652.98
010    @a7-80652-065-1@dCNY29.80
100    @a20010807d2001 em y0chiy0110 ea
101 0  @achi
102    @aCN@b440000
105    @aa z 000yy
200 1  @a阅读生命@9yue du sheng ming@e一个医生的人体手记@f杨建葆著
210    @a广州@c南方日报出版社@d2001
215    @a409页@c照片@d21cm
330    @a本书是一本探讨人体美的著作。作者从人体的手、头、脚、脸、五官、子宫、年龄、身高、卧、站、睡等方面论述了人体的美。
606 0  @a人体美
606 0  @a人体学
690    @aB834.3@v4
690    @aR32@v4
701  0 @a杨建葆@9yang jian bao@4著
801  0 @aCN@b91MARC@c20101222
905    @a10447@dB834.3@eJY1
    
    阅读生命:一个医生的人体手记/杨建葆著.-广州:南方日报出版社,2001
    409页:照片;21cm
    
    
    ISBN 7-80652-065-1:CNY29.80
    本书是一本探讨人体美的著作。作者从人体的手、头、脚、脸、五官、子宫、年龄、身高、卧、站、睡等方面论述了人体的美。
●
相关链接 在E读中查询图书 在五车中查询图书 在当当中查询图书 在豆瓣中查询图书


正题名:阅读生命     索取号:B834.3/JY1         预约/预借

序号 登录号 条形码 馆藏地/架位号 状态 备注
1 7818406   278184064   学院路分馆/ [索取号:B834.3/JY1] 在馆    
2 7818407   278184073   学院路分馆/ [索取号:B834.3/JY1] 在馆    
唐山师范学院图书馆 欢迎您!
大连网信软件有限公司© 版权所有